000
00305nam a2200157Ia 4500
100
_a
Child/Lee
650
_a
Fiction
942
_c
BK
366
_f
20
245
_a
Bad luck and trouble
260
_b
Bantam Books
_c
2007
082
_a
808.3
_b
CHI
300
_a
527
546
_a
ENGLISH
999
_c
30662
_d
30662